000 00455nam a2200169Ia 4500
008 220216s9999 xx 000 0 und d
100 _aMathew N M
245 0 _aPreservation of concentrated natural rubber latex with methylamine
260 _bRubber Board Bulletin
_c1976
300 _a58-66
650 _aLatex preservation
650 _aNatural rubber
700 _aKothandaraman R
700 _aThomas E V
700 _aVarghese L
942 _cJS
999 _c65646
_d65646